| 000 | 01064cab a2200289 4500 | ||
|---|---|---|---|
| 001 | WB2838-15 | ||
| 008 | 090401t1992 xxu||||| |||| 00| 0 eng d | ||
| 035 | _a(Sirsi) u26122 | ||
| 041 | _aeng | ||
| 245 | _aSteel frame savings | ||
| 260 | _c1992 | ||
| 350 | _a0 | ||
| 490 |
_aNew Builder _v(145) 24 September 1992, 8(1) |
||
| 520 | _aStructural steel frames could be up to 20% lighter as a result of research carried out by the Steel Construction Institute and the Building Research Establishment. Full scale load testing has shown that designers working to the forthcoming Eurocodes will be able to achieve potentially huge cost and weight savings adding to the competitiveness of steel frames. | ||
| 650 | _aBRE | ||
| 650 | _aCOSTS | ||
| 650 | _aEUROCODES | ||
| 650 | _aLOAD-BEARING | ||
| 650 | _aSTANDARDS | ||
| 650 | _aSTEEL FRAMED BUILDINGS | ||
| 650 | _aSTEEL FRAMES | ||
| 650 | _aSTRUCTURAL STEEL | ||
| 690 | _aBUILT ENVIRONMENT-BUILDING COSTS | ||
| 690 | _aBUILT ENVIRONMENT-BUILDING MATERIALS | ||
| 942 | _n0 | ||
| 948 | _c04/03/1997 | ||
| 999 |
_c17530 _d17530 |
||